| 000 | 00712nam a22002057a 4500 | ||
|---|---|---|---|
| 999 |
_c6936 _d6936 |
||
| 003 | AR-CdUCM | ||
| 008 | 190319b ||||| |||| 00| 0 spa d | ||
| 040 |
_aMUNICIPALIDAD PROVINCIAL DEL CUSCO _cBIBLIOTECA MUNICIPAL DEL CUSCO |
||
| 082 |
_a658 / _bB57 |
||
| 100 |
_aTella, Luis Blanco _919542 |
||
| 245 | _aTécnica y Aplicación de los Organigramas / | ||
| 260 |
_aMadrid ; _bDesarrollo S.A. , _c1982. |
||
| 300 |
_a122 páginas ; _c21.7 cm. |
||
| 505 | _aContenido : Nociones Generales -- Clases de Organigramas -- Los manuales de Organizacion -- Biografia... | ||
| 650 |
_aOrganigramas _919543 |
||
| 650 |
_aElementos Graficos _919544 |
||
| 650 |
_aDiagramas _913770 |
||
| 942 |
_2ddc _cLIBROS |
||
| 945 | _artm | ||